ბათუმის შოთა რუსთაველის სახელმწიფო უნივერსიტეტის ბიბლიოთეკა

Lost and found : (ბიბ.ჩანაწერი № 58069)

000 -LEADER
fixed length control field 00740cam a2200205 i 4500
001 - CONTROL NUMBER
control field 19434275
005 - DATE AND TIME OF LATEST TRANSACTION
control field 20210607133525.0
008 - FIXED-LENGTH DATA ELEMENTS--GENERAL INFORMATION
fixed length control field 170109t20162016cau 001 0 eng d
020 ## - INTERNATIONAL STANDARD BOOK NUMBER
International Standard Book Number 9781118898574
041 ## - LANGUAGE CODE
Language code of text/sound track or separate title eng
080 ## - UNIVERSAL DECIMAL CLASSIFICATION NUMBER
Universal Decimal Classification number 376.2 G-71
100 1# - MAIN ENTRY--PERSONAL NAME
Personal name Greene, Ross W.,
9 (RLIN) 11968
245 10 - TITLE STATEMENT
Title Lost and found :
Remainder of title helping behaviorally challenging students (and, while you're at it, all the others) /
Statement of responsibility, etc. Ross W. Greene.
264 #4 - PRODUCTION, PUBLICATION, DISTRIBUTION, MANUFACTURE, AND COPYRIGHT NOTICE
Date of production, publication, distribution, manufacture, or copyright notice Francisco, CA :
Place of production, publication, distribution, manufacture Jossey-Bass,
Name of producer, publisher, distributor, manufacturer 2016.
300 ## - PHYSICAL DESCRIPTION
Extent 203 pages ;
Dimensions 24 cm.
653 ## - INDEX TERM--UNCONTROLLED
keyword ქცევის დარღვევები ბავშვებში
653 ## - INDEX TERM--UNCONTROLLED
keyword პედაგოგიკა
653 ## - INDEX TERM--UNCONTROLLED
keyword Расстройства поведения у детей
942 ## - ADDED ENTRY ELEMENTS (KOHA)
Source of classification or shelving scheme
Koha item type წიგნი
ეგზემპლარები
Withdrawn status Lost status Source of classification or shelving scheme Damaged status Not for loan Permanent Location Current Location Shelving location Date acquired Cost, normal purchase price Full call number Barcode Date last seen Copy number Price effective from Koha item type Public note
          ბათუმის შოთა რუსთაველის სახელმწიფო უნივერსიტეტის მთავარი ბიბლიოთეკა ბათუმის შოთა რუსთაველის სახელმწიფო უნივერსიტეტის მთავარი ბიბლიოთეკა წიგნსაცავი 2021-06-07 84.00 376.2 G-71 61358 2021-06-07 61358 2021-06-07 წიგნი 84 ლ.